Chế Lan Viên về tác gia và tác phẩm /
Một sự nghiệp văn chương phong phú và đặc sắc, tư duy nghệ thuật phong cách sáng tạo, tác phẩm và dư luận phê bình, vẻ đẹp thơ Chế Lan Viên, trong tưởng nhớ và hồi ức.
Salvato in:
| Altri autori: | |
|---|---|
| Natura: | Libro |
| Lingua: | Vietnamese |
| Pubblicazione: |
Hà Nội :
Giáo dục,
2000.
|
| Soggetti: | |
| Tags: |
Aggiungi Tag
Nessun Tag, puoi essere il primo ad aggiungerne! !
|
| Thư viện lưu trữ: | Mạng thư viện Đại học Đà Nẵng |
|---|
| LEADER | 01182cam a2200361 i 4500 | ||
|---|---|---|---|
| 001 | 000042614 | ||
| 003 | 488 | ||
| 005 | 20040526153931.0 | ||
| 008 | 010217b2000 vm 000 vie | ||
| 020 | |c 65000 | ||
| 022 | |a T | ||
| 040 | |a IRC |c IRC |d IRC | ||
| 041 | 0 | |a vie | |
| 082 | 1 | 4 | |a 895.92134 |b Ch-L |
| 245 | 0 | 0 | |a Chế Lan Viên về tác gia và tác phẩm / |c Vũ Tuấn Anh tuyển chọn. |
| 260 | |a Hà Nội : |b Giáo dục, |c 2000. | ||
| 300 | |a 772tr. ; |c 24cm. | ||
| 520 | 3 | |a Một sự nghiệp văn chương phong phú và đặc sắc, tư duy nghệ thuật phong cách sáng tạo, tác phẩm và dư luận phê bình, vẻ đẹp thơ Chế Lan Viên, trong tưởng nhớ và hồi ức. | |
| 600 | 1 | 4 | |a Chế Lan Viên, |d 1920-1989. |
| 630 | 0 | 4 | |a Chế Lan Viên. |
| 630 | 0 | 4 | |a Văn học Việt. |
| 650 | 0 | 4 | |a Chế Lan Viên, |d 1920-1989 |x Tác gia và tác phẩm. |
| 700 | 1 | |a Vũ Tuấn Anh, |e tuyển chọn. | |
| OWN | |a DUT | ||
| 999 | |a From the UDN01 | ||
| TYP | |a Monograph | ||
| TYP | |a Printed language | ||
| 980 | |a Mạng thư viện Đại học Đà Nẵng | ||